LEADER 01991nam a2200373 i 4500 001 000000232732 003 CaOOAMICUS 005 20250122142307.0 008 140904s1692 it u000 u lat u 013 $a211635 026 $am-as m,a. s.um sepr (3) 1692 (R) 040 $aSeMil$bita 110 2 $aBibbia.$0(OLS)http://semarc/name/5326 245 10$aBiblia sacra vulgatae editionis, Sixti 5. pontificis maximi iussu recognita; et Clementis 8. auctoritate edita; distincta versiculis, cum indice materiarum, nec non epistolarum, & Evangeliorum. 260 $aLugduni :$bApud Antonium Baujolin, in vico Tomassino,$c1692. 300 $a[12], 482, [2]; 455 p., [1] carta di tav. :$bfront. ;$cfol. 500 $aSegn.: a6 A-2Q6 2R-2S4; A-2P6 500 $aFront. calcogr. precede front. tipografico 500 $aVignetta calcogr. su front. stampato in rosso e nero 500 $aA piè del front. calcogr.: ex typographis Petri Guillimin et Ant. Beaujollin 650 4$aBibbia - Traduzioni latine - Vulgata.$0(OLS)http://semarc/subject/1529 700 0 $aClemens VIII,$c.$0(OLS)http://semarc/name/3051 700 0 $aSixtus V,$c.$0(OLS)http://semarc/name/13746 700 1 $aGuillimin, Pierre,$c.$0(OLS)http://semarc/name/12637 700 1 $aBeaujolin, Antoine,$c.$0(OLS)http://semarc/name/50681 850 $aSeMil 852 $aSeMil$W1$xVenegono$y1$m2Y VI 37 FA$j183078$B183078$CSeMilBibl$Z2$F194052 $8I 900 0 $aClemente VIII$c. 900 0 $aSisto V$c. 996 $6245$aBiblia sacra vulgatae editionis, Sixti 5. pontificis maximi iussu recognita; et Clementis 8. auctoritate edita; distincta versiculis, cum indice materiarum, nec non epistolarum, & Evangeliorum$9(OLS)http://semarc/title/332052 996 $6260$aLugduni :$bApud Antonium Baujolin, in vico Tomassino$9(OLS)http://semarc/publisher/54027 LEADER 00852nam a2200205 i 4500 001 000000060845 003 CaOOAMICUS 005 20121011000000.0 008 121011s1900 xx u000 u fre u 013 $a32017 040 $aSeMil$bita 100 1 $aBoissarie, Gustave.$0(OLS)http://semarc/name/30931 245 14$aLes grandes guérisons de Lourdes /$cDr. Boissarie. 260 $aParis :$bAncienne Maison Charles Douniol,$c1900. 300 $aXIII, 556 p., 24 c. di tav. :$bill. ;$c29 cm. 650 4$aMadonna - Apparizioni - Lourdes.$0(OLS)http://semarc/subject/8481 850 $aSeMil 852 $aSeMil$W1$xVenegono$y1$m2K V 1 FA$j26998$B26998$CSeMilBibl$Z2$F27001 $8I 996 $6245$aLes grandes guérisons de Lourdes$9(OLS)http://semarc/title/95451 996 $6260$aParis :$bAncienne Maison Charles Douniol$9(OLS)http://semarc/publisher/35924